Геолого-экономическая оценка месторождений полезных ископаемых

Bibliografski detalji
Glavni autor: Каждан А. Б. Алексей Борисович
Daljnji autori: Кобахидзе Л. П. Любовь Павловна
Jezik:ruski
Izdano: Москва, Недра, 1985
Teme:
Format: Knjiga
KOHA link:https://koha.lib.tpu.ru/cgi-bin/koha/opac-detail.pl?biblionumber=40298

MARC

LEADER 00000nam0a2200000 4500
001 40298
005 20231031012544.0
035 |a (RuTPU)RU\TPU\book\41342 
090 |a 40298 
100 |a 20020512d1985 k y0rusy50 ca 
101 0 |a rus 
102 |a RU 
105 |a a z 001zy 
200 1 |a Геолого-экономическая оценка месторождений полезных ископаемых  |f А. Б. Каждан, Л. П. Кобахидзе 
210 |a Москва  |c Недра  |d 1985 
215 |a 205 с. 
610 1 |a полезные ископаемые 
610 1 |a разведка 
610 1 |a оценка 
675 |a 553.042  |v 3 
700 1 |a Каждан  |b А. Б.  |g Алексей Борисович 
701 1 |a Кобахидзе  |b Л. П.  |g Любовь Павловна 
801 1 |a RU  |b 63413507  |c 20020512  |g PSBO 
801 2 |a RU  |b 63413507  |c 20141112  |g PSBO 
900 |a Разведка и геолого-экономическая оценка месторождений 
900 |a Разведка и геолого-экономическая оценка МПИ 
942 |c BK